[Event "St Petersburg Korchnoi Memorial op"]
[Site "St Petersburg"]
[Date "2019.08.21"]
[Round "8"]
[White "Romanov, Ivan I"]
[Black "Grubova, Sofia"]
[Result "1/2-1/2"]
[WhiteElo "1425"]
[BlackElo "1802"]
[PlyCount "239"]
[EventDate "2019.08.14"]
[EventType "swiss"]
[EventRounds "9"]
[EventCountry "RUS"]
[SourceTitle "CBM 192"]
[Source "ChessBase"]
[SourceDate "2019.10.31"]
[SourceVersion "1"]
[SourceVersionDate "2019.10.31"]
[SourceQuality "1"]

1. d4 Nf6 2. c4 g6 3. Nc3 Bg7 4. e4 d6 5. Nf3 0-0 6. Be2 e5 7. 0-0 Nc6 8. d5 Ne7 9. Ne1 Nd7 10. Be3 f5 11. f3 f4 12. Bf2 h5 13. a4 g5 14. a5 Nf6 15. Rc1 c5 16. dxc6 bxc6 17. b4 Be6 18. Qd2 Qc7 19. b5 c5 20. Nd5 Nexd5 21. exd5 Bf5 22. Bd3 e4 23. fxe4 Bxe4 24. Be2 Bh6 25. Bd3 Qg7 26. Qc3 Qg6 27. Bxe4 Nxe4 28. Qc2 g4 29. Nd3 g3 30. Be1 f3 31. gxf3 Bxc1 32. Nxc1 gxh2+ 33. Kxh2 Kh7 34. Rg1 Qf5 35. Qxe4 Qxe4 36. fxe4 Rae8 37. Bg3 Rxe4 38. Bxd6 Rh4+ 39. Kg2 Rg4+ 40. Kh1 Rh4+ 41. Kg2 Rf6 42. Bxc5 Rxc4 43. Bxa7 Rf7 44. Be3 Re4 45. Bf2 Rg4+ 46. Kf1 Rgf4 47. Nd3 Rd4 48. Ne5 Rf5 49. Nc6 Rd2 50. Rg2 Rfxd5 51. Nd4 Rb2 52. a6 Rd7 53. Rg5 Rb1+ 54. Kg2 Rb2 55. Rxh5+ Kg6 56. Rh4 Rf7 57. Nf3 Rxb5 58. Ra4 Rf8 59. a7 Ra8 60. Ra6+ Kf7 61. Nd4 Rb7 62. Nf5 Rd7 63. Nd6+ Ke7 64. Nc4 Ke8 65. Ne5 Re7 66. Nc6 Rc7 67. Bg3 Rxc6 68. Rxc6 Rxa7 69. Kf3 Ra3+ 70. Kg4 Kd7 71. Rd6+ Ke7 72. Rb6 Rd3 73. Bf4 Rd5 74. Kf3 Rd1 75. Ke4 Re1+ 76. Kf5 Rd1 77. Re6+ Kd7 78. Rg6 Rf1 79. Rf6 Ke7 80. Ra6 Rd1 81. Ra7+ Rd7 82. Ra8 Kf7 83. Be5 Ke7 84. Rh8 Rd1 85. Rh7+ Kd8 86. Ke6 Kc8 87. Rc7+ Kd8 88. Rc3 Re1 89. Rb3 Rc1 90. Rb8+ Rc8 91. Rb1 Ra8 92. Rg1 Kc8 93. Rb1 Kd8 94. Bd6 Kc8 95. Rb6 Kd8 96. Rb7 Kc8 97. Rb5 Kd8 98. Rg5 Kc8 99. Rb5 Kd8 100. Rd5 Kc8 101. Rc5+ Kb7 102. Kd7 Kb6 103. Rf5 Ra7+ 104. Ke6 Ra2 105. Re5 Rc2 106. Kd7 Rc1 107. Re8 Ka7 108. Bc7 Rd1+ 109. Kc8 Rc1 110. Re5 Ra1 111. Rb5 Ra2 112. Rb8 Rc2 113. Rb7+ Ka6 114. Rb6+ Ka7 115. Rh6 Rc1 116. Rh2 Ra1 117. Rh6 Rc1 118. Rh5 Ra1 119. Bb8+ Ka6 120. Rc5 1/2-1/2

[Event "St Petersburg Korchnoi Memorial op"]
[Site "St Petersburg"]
[Date "2019.08.18"]
[Round "5"]
[White "Grubova, Sofia"]
[Black "Kartsev, Nikolaj"]
[Result "0-1"]
[WhiteElo "1802"]
[BlackElo "2140"]
[PlyCount "130"]
[EventDate "2019.08.14"]
[EventType "swiss"]
[EventRounds "9"]
[EventCountry "RUS"]
[SourceTitle "CBM 192"]
[Source "ChessBase"]
[SourceDate "2019.10.31"]
[SourceVersion "1"]
[SourceVersionDate "2019.10.31"]
[SourceQuality "1"]

1. e4 c5 2. Nf3 d6 3. c3 Nf6 4. Be2 Nc6 5. d4 cxd4 6. cxd4 Nxe4 7. d5 Qa5+ 8. Nc3 Nxc3 9. bxc3 Ne5 10. Nxe5 dxe5 11. 0-0 e6 12. Qb3 Be7 13. Bb5+ Kf8 14. d6 Bxd6 15. Rd1 Be7 16. c4 f6 17. Bd2 Qc7 18. Bb4 a6 19. Qa4 Rb8 20. Bd7 b5 21. Bxe7+ Kxe7 22. Qb4+ Kf7 23. Bxc8 Rhxc8 24. cxb5 Rxb5 25. Qh4 Kg8 26. Qg4 Qc6 27. h3 Rc5 28. Rab1 Rc4 29. Qg3 Rc3 30. Qg4 Rc2 31. Rb3 f5 32. Qg5 Rc1 33. Rbd3 Rxd1+ 34. Rxd1 Qc7 35. Qd2 a5 36. Qb2 h6 37. Re1 e4 38. Rb1 Kh7 39. a4 Qc4 40. Qb5 Rc5 41. Qd7 Qd3 42. Rb7 Rc1+ 43. Kh2 Qxd7 44. Rxd7 Rc4 45. Rd6 e5 46. Rd5 Rxa4 47. Rxe5 Kg6 48. g4 fxg4 49. hxg4 Kf6 50. Rb5 Ra3 51. Kg2 a4 52. Ra5 Ra1 53. Kg3 a3 54. Kf4 a2 55. Ra6+ Kf7 56. Ke5 Rg1 57. Rxa2 Rxg4 58. Kf5 h5 59. Ra7+ Kg8 60. Ra8+ Kh7 61. Ra3 Kh6 62. Rb3 g6+ 63. Ke5 Kg5 64. Rh3 Rg2 65. Kxe4 Rxf2 0-1